Countries - Sudden Death #2 - Statistics

General Stats
  • This quiz has been taken 72 times
  • The average score is 14 of 17
Answers on the Grid
Answers color-coded by a green-red scale on the quiz's grid according to % correct below.
France
Estonia
Moldova
Azerbaijan
Mongolia
Slovenia
Croatia
Cyprus
Lithuania
Guyana
Uruguay
Grenada
Mali
Seychelles
Japan
Bhutan
Oman
French Polynesia
Mexicalico
Republic of the Conga
Bermuda
Latveria
Genovia
Libyaberia
Hyrule
Belgravia
Absurdistan
Wakanda
Banana Republic
Prussia
 
Answer Stats
Answer % Correct
Croatia
91%
France
88%
Japan
84%
Lithuania
84%
Uruguay
84%
Azerbaijan
83%
Cyprus
83%
Oman
83%
Estonia
81%
Guyana
81%
Moldova
79%
Mongolia
79%
Slovenia
79%
Bhutan
78%
Mali
78%
Seychelles
76%
Grenada
67%
No matching quizzes found
Score Distribution
Percent of People with Each Score
Percentile by Number Answered
Your Score History
You have not taken this quiz